| 000 | 01020nam a2200337Ia 4500 | ||
|---|---|---|---|
| 001 | Z_4520 | ||
| 003 | CHAP | ||
| 008 | 220113s2004 xx 000 0 und d | ||
| 010 | _a167595 | ||
| 020 | _a978-84-481-3786-1 (v.1) \ 84-481-4005-2 (obra completa) | ||
| 040 | _cCHAP | ||
| 082 | _a541 L48 2004 | ||
| 100 |
_aLevine, Ira N. _966459 |
||
| 245 |
_aFisicoquímica / _cIra N. Nevile; traducción Ángel González Ureña; colaboración Antonio Rey Gayo...[et al.] |
||
| 250 | _a5a ed. | ||
| 260 |
_aEspaña : _bMcGraw-Hill. Interamericana, _c2004 |
||
| 300 | _axxi, 513 p. | ||
| 500 | _aTraducción de la obra en inglés: Physical chemistry | ||
| 503 | _aej.1: consumo | ||
| 504 | _aBibliografía: p. 497 - 513 | ||
| 650 |
_aFisicoquímica _941125 |
||
| 650 |
_aQuímica física y teórica _9132607 |
||
| 700 |
_a Rey Gayo, Antonio _9141854 |
||
| 700 |
_aGonzález Ureña, Ángel _9139399 |
||
| 901 | _a541 L48 2004 | ||
| 902 | _aM | ||
| 910 | _a2004 | ||
| 942 | _c1 | ||
| 942 | _cc1 | ||
| 999 |
_c167595 _d167595 |
||